| 000 | 00384nam a2200133Ia 4500 | ||
|---|---|---|---|
| 008 | 230917s9999||||xx |||||||||||||| ||und|| | ||
| 040 |
_e158805 _aMAIN |
||
| 041 | _aEnglish | ||
| 082 | _a780.954 S36M | ||
| 100 | _aSeema, Rani | ||
| 245 | 0 | _aMadhyayugeen sangeet par dharmik sampradayon, samajik tatha sanskritik pristhitiyon ka prashan: Ek adhyayan | |
| 300 | _a173 p. | ||
| 942 | _cTH | ||
| 999 |
_c87562 _d87562 |
||